01142nam a2200205 a 450000100100000000500170001000800410002704000250006808200130009310000330010624500880013926000550022730000210028249000160030350504390031970000270075883000230078595201110080899900170091900004249420201002040206.0131204s1973 ve 000 0 spa d aDO-SdBNPbspacBNPHU axxxbxxx1 aPlaza, Salvador de la92967010aAntecedentes del revisionismo en Venezuela /cSalvador de la Plaza, Jacques Duclos. aCaracas, Venezuela :bSalvador de la Plaza,c1973. a187 p. ;c21 cm.1 aIdeología0 aIntroducción --tSalvador de la Plaza --tLa Revolución Venezolana y la estraegia revolucionaria --tDeclaraciones de principios programáticos del Partido Revolucionario de Proletariado (Comunista) --tContribución a la unidad del movimiento comunista.--tApuntes para contribuir a guiar el estudio del revisionismo del marxismo en Venezuela --rDuclos, J.tSobre la disolución del Partido Comunista de los Estados Unidos --12aDuclos, Jacques969690 0aIdeología952478 001050718MOaGRbGRcCTd2013-12-04iLF1l0oxxx xxxp42494-10r2020-06-25w2020-06-25y1ZNo se presta c41983d41983